|
|
|
|
| LEADER |
00000nam0a2200000 4500 |
| 001 |
292898 |
| 005 |
20231102000537.0 |
| 035 |
|
|
|a (RuTPU)RU\TPU\book\317550
|
| 090 |
|
|
|a 292898
|
| 100 |
|
|
|a 20150427d1984 km y0rusy50 ca
|
| 101 |
0 |
|
|a rus
|
| 102 |
|
|
|a BY
|
| 105 |
|
|
|a a z 001zy
|
| 200 |
1 |
|
|a Генераторы СВЧ с внешней дополнительной обратной связью
|f М. И. Минаев
|
| 210 |
|
|
|a Минск
|c Вышэйшая школа
|d 1984
|
| 215 |
|
|
|a 166 с.
|c ил.
|
| 320 |
|
|
|a Библиогр.: с. 161-164
|
| 606 |
1 |
|
|a Генераторы сверхвысоких частот
|2 stltpush
|3 (RuTPU)RU\TPU\subj\5810
|9 33805
|
| 610 |
1 |
|
|a СВЧ-генераторы
|
| 610 |
1 |
|
|a выходные характеристики
|
| 610 |
1 |
|
|a стабилизация частоты
|
| 610 |
1 |
|
|a стабилизаторы
|
| 610 |
1 |
|
|a схемы
|
| 610 |
1 |
|
|a обратная связь
|
| 610 |
1 |
|
|a внешние сигналы
|
| 610 |
1 |
|
|a автогенераторы
|
| 610 |
1 |
|
|a импульсная модуляция
|
| 610 |
1 |
|
|a угловая модуляция
|
| 610 |
1 |
|
|a усилители мощности
|
| 675 |
|
|
|a 621.373.1.029
|v 3
|
| 700 |
|
1 |
|a Минаев
|b М. И.
|g Михаил Иванович
|
| 801 |
|
1 |
|a RU
|b 63413507
|c 20150427
|
| 801 |
|
2 |
|a RU
|b 63413507
|c 20181010
|g RCR
|
| 942 |
|
|
|c BK
|